00317nam a2200121Ia 45000010005000000080041000050820017000461000032000632450031000952600028001269010026001549990015001801470241024s9999 xx 000 0 und d aRD/920/G216j aFélix de Jesús García 0aJuan Bosch en primer plano b[*SIN EDITORIAL*]c2009 a9/5/2011 4:11:10 p.m. c7670d7670